000 00283nam a22001217a 4500
020 _a0-7500-1508 -X
082 _a823
_bSIM/B
100 _aSIMON & SCHUSTER YOUNG BOOKS
245 _aBUDGIE GOES TO SEA
260 _aUK
_bSIMON & SCHUSTER
650 _aENGLISH SHORT STORY
942 _cBK
999 _c3380
_d3380